| 000 | 00874nam a22002777a 4500 | ||
|---|---|---|---|
| 001 | 7516 | ||
| 003 | FISKH | ||
| 005 | 20250722161306.0 | ||
| 008 | 250722b cb ||||| |||| 00| 0 eng d | ||
| 020 | _a0874034000 | ||
| 040 |
_aFISKH _beng _cFISKH _dFISKH |
||
| 050 | _aPZ7 | ||
| 100 | _aMartin, Phyllis | ||
| 245 |
_aA new blanket for Josh : _bA happy book / _cwritten by Phyllis Martin : illustrated by Gwen Connelly |
||
| 250 | _aSecond Printing , 1989 | ||
| 260 |
_aCincinnati , Ohio : _bStandard Publishing , _c1988. |
||
| 300 |
_a24 unnumbered pages : _bcolor illustrations ; _c21 cm . |
||
| 505 | _aJ | ||
| 521 | 8 |
_a500
_bLexile estimate |
|
| 521 | 8 |
_aJ
_bRaz-Plus |
|
| 650 |
_a Christian living _vNon-fiction |
||
| 650 |
_aFamily and Morals _vNon-fiction |
||
| 700 |
_aConnelly, Gwen _eIllustrator |
||
| 942 |
_2ddc _cBK _n0 |
||
| 999 |
_c7516 _d7516 |
||